| 000 | 00000nas 2200000za 4500 |
| 001 | 9.846496 |
| 003 | CaOODSP |
| 005 | 20221107153221 |
| 007 | cr ||||||||||| |
| 008 | 171101d19531965oncmr p oss f0###a0eng|d |
| 040 | |aCaOODSP|beng |
| 043 | |an-cn--- |
| 086 | 1 |aCS36-001E-PDF |
| 245 | 00|aHard board |h[electronic resource]. |
| 246 | 13|aHardboard |
| 260 | |aOttawa : |bDominion Bureau of Statistics, Forestry Section, |c[1953]-1966. |
| 310 | |aMonthly |
| 362 | 0 |aVol. 1, no. 1/3 (Jan./Mar. 1953)-v. 13, no. 12 (Dec. 1965). |
| 490 | 0 |aD.B.S. memorandum |
| 500 | |aDigitized edition from print [produced by Statistics Canada]. |
| 550 | |aIssued Dec. 1958-Apr. 1963 by Industry and Merchandising Division, Dec. 1958-Apr. 1963, May 1963-Dec. 1965 by Industry Division. |
| 692 | 07|2gccst|aManufacturing industry |
| 710 | 1 |aCanada. |bDominion Bureau of Statistics. |bForestry Section. |
| 710 | 1 |aCanada. |bDominion Bureau of Statistics. |bIndustry and Merchandising Division. |
| 710 | 1 |aCanada. |bDominion Bureau of Statistics. |bIndustry Division. |
| 785 | 00|tHardboard, wood fibre |w(CaOODSP)9.846498 |